Prados arbóreos (Record no. 131236)

MARC details
000 -LEADER
campo de control de longitud fija 00912nam a2200241 i 4500
001 - NÚMERO DE CONTROL
campo de control 131236
003 - IDENTIFICADOR DE NÚMERO DE CONTROL
campo de control ES-MaACL
005 - FECHA Y HORA DE LA ÚLTIMA TRANSACCIÓN
campo de control 20250905155042.0
007 - CAMPO FIJO DE DESCRIPCIÓN FÍSICA--INFORMACIÓN GENERAL
campo de control de longitud fija t|
008 - DATOS DE LONGITUD FIJA--INFORMACIÓN GENERAL
campo de control de longitud fija 070214s1949 sp af |||| | spa d
100 1# - ENTRADA PRINCIPAL--NOMBRE DE PERSONA
Nombre de persona Rodrigañez, Celedonio (
Fechas asociadas al nombre 1860-1913)
9 (RLIN) 98167
245 10 - MENCIÓN DEL TÍTULO
Título Prados arbóreos
Resto del título : apuntes y datos para aprovechar el follaje de los árboles y arbustos en la alimentación del ganado /
Mención de responsabilidad, etc. Celedonio Rodrigañez.
250 ## - MENCION DE EDICION
Mención de edición Nueva ed. ilustrada por Emilio Guinea.
260 ## - PUBLICACIÓN, DISTRIBUCIÓN, ETC.
Lugar de publicación, distribución, etc. Madrid :
Nombre del editor, distribuidor, etc. Ministerio de Agricultura,
Fecha de publicación, distribución, etc. 1949.
300 ## - DESCRIPCIÓN FÍSICA
Extensión 190 p., 8 lám. :
Otras características físicas il. ;
Dimensiones 21 cm.
490 1# - MENCIÓN DE SERIE
Mención de serie Manuales técnicos
650 #7 - PUNTO DE ACCESO ADICIONAL DE MATERIA--TÉRMINO DE MATERIA
Término de materia o nombre geográfico como elemento de entrada Alimentos para animales
Fuente del encabezamiento o término embne
9 (RLIN) 170491
700 1# - ENTRADA AGREGADA--NOMBRE PERSONAL
Nombre de persona Guinea López, Emilio,
Fechas asociadas al nombre 1907-1985
9 (RLIN) 60863
710 1# - ENTRADA AGREGADA--NOMBRE DE ENTIDAD CORPORATIVA
Nombre de entidad corporativa o nombre de jurisdicción como elemento de entrada España.
Unidad subordinada Ministerio de Agricultura.
9 (RLIN) 3837
830 0# - PUNTO DE ACCESO ADICIONAL DE SERIE-TÍTULO UNIFORME
Título uniforme Manuales técnicos
9 (RLIN) 181659
852 ## - LOCALIZACIÓN
Ubicación ES-MaACL
Número de control de estantería D-7752
Holdings
Estatus retirado Estado de pérdida Estado de daño No para préstamo Biblioteca de origen Biblioteca actual Ubicación en estantería Fecha de adquisición Fuente de adquisición Total de préstamos Signatura topográfica completa Código de barras Visto por última vez Precio de reemplazo Tipo de ítem Koha
        Biblioteca del Ateneo de Madrid Biblioteca del Ateneo de Madrid Sala Valle Inclán 17/01/2008     D-7752 901136628 23/02/2023 23/02/2023 Libro impreso